| 000 | 01030nam a2200313Ia 4500 | ||
|---|---|---|---|
| 003 | OSt | ||
| 005 | 20221007122025.0 | ||
| 006 | a|||||r|||| 00| 0 | ||
| 007 | ta | ||
| 008 | 221006b |||||||| |||| 00| 0 eng d | ||
| 020 |
_a0321312082 (pbk) _cRs.4295.44 |
||
| 024 | _a76133 | ||
| 037 |
_b144/06-07, 29/11/2006, N R Book Distributors _cTextbook |
||
| 040 |
_aBDL _cBDL _beng |
||
| 041 |
_2eng _aeng |
||
| 082 | _aG11, P6 Carb | ||
| 100 | _aBecker Wayne M | ||
| 245 | 0 |
_aWorld of the cell _b Kleinsmith Lewis J Hardin Jeff |
|
| 250 | _a6 | ||
| 260 |
_aSan _bFrancisco Pearson Education _c2006 |
||
| 300 |
_axxvi+v.p. Includes CD-ROM _ccm. |
||
| 500 | _aAppendix A-1-A-30p; Glossary G-1-G-26p; Index I-1-I-30p | ||
| 650 |
_a Cell _9650605 |
||
| 650 | _aBotany | ||
| 700 | _a Hardin Jeff | ||
| 700 | _a Kleinsmith Lewis J | ||
| 942 |
_hG11, P6 Carb _cTB _2CC |
||
| 999 |
_c1209690 _d1209690 |
||